| 000 | 00000nam##2200000za#4500 |
| 001 | 9.625283 |
| 003 | CaOODSP |
| 005 | 20200401034737 |
| 007 | ta |
| 008 | 150406|2000||||xxc||||| f|0| 0 fre|d |
| 020 | |a0-662-84539-0 |
| 040 | |aCaOODSP|bfre |
| 043 | |an-cn--- |
| 086 | 1 |aFA1-2000/1F |
| 110 | 1 |aCanada. |bBureau du vérificateur général. |
| 245 | 10|aVolume 1, avril 2000 |
| 260 | |aOttawa - Ontario : |bBureau du vérificateur général du Canada |c2000. |
| 300 | |a9 volumes, dans un boîtier. : |bfigures, graphiques, tableaux ; |c29 cm. |
| 490 | 1 |aRapport du vérificateur général du Canada à la Chambre des communes, 2000 |
| 500 | |aSommaire: Avant-propos et Points saillants.--Chapitre 1: La qualité du service.--Chapitre 2: Développement des ressources humaines Canada - La qualité du service au niveau local.--Chapitre 3: Citoyenneté et Immigration Canada - Le volet économique du programme canadien d'immigration.--Chapitre 4: Affaires indiennes et du Nord Canada - L'enseignement primaire et secondaire.--Chapitre 5: Agence des douanes et du revenu du Canada - Les voyageurs arrivant au Canada: la gestion des risque aux points d'entrée.--Chapitre 6: Agence des douanes et du revenu du Canada et ministère des Finances - Le traitement des demandes de crédit d'impôt pour la recherche scientifique et le développement expérimental.--Chapitre 7: Gendarmerie royale du Canada - Les services offerts aux responsables de l'application de la loi.--Chapitre 8: Ministère des Finances - La gestion de la dette du Canada: les nouveaux défis à relever.--Chapitre 9: La rationalisation du régime de gestion des ressources humaines: une étude de l'évolution des rôles et des responsabilités. |
| 563 | |aCouverture souple |
| 590 | |a00-23|b2000-06-09 |
| 691 | 07|aVérification comptable|2gcpds |
| 691 | 07|aComptes publics|2gcpds |
| 775 | 08|tVolume 1, April 2000 |w(CaOODSP)9.615137 |
| 776 | 0#|tRapport du vérificateur général du Canada. Chapitre 1, : |w(CaOODSP)9.602743 |
| 776 | 0#|tRapport du vérificateur général du Canada. Chapitre 2, : |w(CaOODSP)9.602744 |
| 776 | 0#|tRapport du vérificateur général du Canada. Chapitre 3, : |w(CaOODSP)9.602746 |
| 776 | 0#|tRapport du vérificateur général du Canada. Chapitre 4, : |w(CaOODSP)9.602747 |
| 776 | 0#|tRapport du vérificateur général du Canada. Chapitre 5, : |w(CaOODSP)9.602748 |
| 776 | 0#|tRapport du vérificateur général du Canada. Chapitre 7, : |w(CaOODSP)9.602751 |
| 776 | 0#|tRapport du vérificateur général du Canada. Chapitre 8, : |w(CaOODSP)9.602752 |
| 776 | 0#|tRapport du vérificateur général du Canada. Chapitre 9, : |w(CaOODSP)9.602753 |
| 776 | 0#|tRapport du vérificateur général du Canada. Chapitre 6, : |w(CaOODSP)9.602750 |
| 830 | #0|aRapport du vérificateur général du Canada à la Chambre des communes, 2000.|w(CaOODSP)9.513011 |